| 000 | 00423nam a22001697a 4500 | ||
|---|---|---|---|
| 005 | 20141017100537.0 | ||
| 008 | 141017b xxu||||| |||| 00| 0 eng d | ||
| 020 | _a0072365277 | ||
| 024 | 0 | _ceng | |
| 080 | _a32.019.5 | ||
| 245 | _aComparative Politics 00/01 | ||
| 250 | _a1 st.ed.; | ||
| 260 |
_aUnited State America _bMcGraw-Hill |
||
| 300 |
_a245 f. _bme il.; _c28 cm, |
||
| 650 | _aPolitika Botërore | ||
| 942 |
_2udc _cBK |
||
| 999 |
_c529 _d529 |
||